Robert Mugabe and the betrayal of Zimbabwe / (Record no. 129692)
[ view plain ]
| 000 -LEADER | |
|---|---|
| fixed length control field | 01830cam a2200313 a 4500 |
| 001 - CONTROL NUMBER | |
| control field | 13448889 |
| 003 - CONTROL NUMBER IDENTIFIER | |
| control field | ARRUPE |
| 005 - DATE AND TIME OF LATEST TRANSACTION | |
| control field | 20190814112827.0 |
| 008 - FIXED-LENGTH DATA ELEMENTS--GENERAL INFORMATION | |
| fixed length control field | 040105s2004 ncua b 001 0beng |
| 010 ## - LIBRARY OF CONGRESS CONTROL NUMBER | |
| LC control number | 2003028285 |
| 020 ## - INTERNATIONAL STANDARD BOOK NUMBER | |
| International Standard Book Number | 0786416866 (pbk. : alk. paper) |
| 040 ## - CATALOGING SOURCE | |
| Original cataloging agency | DLC |
| Transcribing agency | DLC |
| Modifying agency | DLC |
| 043 ## - GEOGRAPHIC AREA CODE | |
| Geographic area code | f-rh--- |
| 050 00 - LIBRARY OF CONGRESS CALL NUMBER | |
| Classification number | DT3000.M28 |
| Item number | N67 2004 |
| 082 00 - DEWEY DECIMAL CLASSIFICATION NUMBER | |
| Classification number | 968.9105/1/092 |
| -- | B |
| Edition number | 22 |
| 300 ## - PHYSICAL DESCRIPTION | |
| Other physical details | ill. ; |
| Dimensions | 23 cm. |
| 100 1# - MAIN ENTRY--PERSONAL NAME | |
| Personal name | Norman, Andrew, |
| Dates associated with a name | 1943- |
| 9 (RLIN) | 47778 |
| 245 10 - TITLE STATEMENT | |
| Title | Robert Mugabe and the betrayal of Zimbabwe / |
| Statement of responsibility, etc | by Andrew Norman. |
| 260 ## - PUBLICATION, DISTRIBUTION, ETC. (IMPRINT) | |
| Place of publication, distribution, etc | Jefferson, N.C. : |
| Name of publisher, distributor, etc | McFarland Publishers, |
| Date of publication, distribution, etc | c2004. |
| 300 ## - PHYSICAL DESCRIPTION | |
| Extent | 189 p. : |
| 504 ## - BIBLIOGRAPHY, ETC. NOTE | |
| Bibliography, etc | Includes bibliographical references (p. 181-182) and index. |
| 505 0# - FORMATTED CONTENTS NOTE | |
| Formatted contents note | Origins of southern Rhodesia -- Mugabe's early life -- Mugabe's formative years -- Imprisonment -- Freedom and exile -- The Lancaster House Conference -- Victory for Mugabe and ZANU-Pf -- The land question -- The movement for democratic change -- Mugabe tightens his grip -- Disaster looms -- The Earth Summit and beyond -- Cricket and coercion -- In perspective : the phenomenon of Mugabe -- Thoughts on leadership and the future -- Recent developments. |
| 600 10 - SUBJECT ADDED ENTRY--PERSONAL NAME | |
| Personal name | Mugabe, Robert Gabriel, |
| Dates associated with a name | 1924- |
| 9 (RLIN) | 17726 |
| 650 #0 - SUBJECT ADDED ENTRY--TOPICAL TERM | |
| Topical term or geographic name as entry element | Presidents |
| Geographic subdivision | Zimbabwe |
| Form subdivision | Biography. |
| 9 (RLIN) | 47779 |
| 651 #0 - SUBJECT ADDED ENTRY--GEOGRAPHIC NAME | |
| Geographic name | Zimbabwe |
| General subdivision | Politics and government |
| Chronological subdivision | 1980- |
| 9 (RLIN) | 47780 |
| 856 41 - ELECTRONIC LOCATION AND ACCESS | |
| Materials specified | Table of contents |
| Uniform Resource Identifier | <a href="http://www.loc.gov/catdir/toc/ecip0413/2003028285.html">http://www.loc.gov/catdir/toc/ecip0413/2003028285.html</a> |
| 856 42 - ELECTRONIC LOCATION AND ACCESS | |
| Materials specified | Book review (H-Net) |
| Uniform Resource Identifier | <a href="http://www.h-net.org/review/hrev-a0d8c0-aa">http://www.h-net.org/review/hrev-a0d8c0-aa</a> |
| 906 ## - LOCAL DATA ELEMENT F, LDF (RLIN) | |
| a | 7 |
| b | cbc |
| c | orignew |
| d | 1 |
| e | ecip |
| f | 20 |
| g | y-gencatlg |
| 942 ## - ADDED ENTRY ELEMENTS (KOHA) | |
| Source of classification or shelving scheme | Library of Congress Classification |
| Koha item type | Monograph ( Printed materials) |
| Withdrawn status | Lost status | Source of classification or shelving scheme | Damaged status | Not for loan | Collection code | Home library | Current library | Shelving location | Date acquired | Total Checkouts | Full call number | Barcode | Date last seen | Date checked out | Price effective from | Koha item type |
|---|---|---|---|---|---|---|---|---|---|---|---|---|---|---|---|---|
| Library of Congress Classification | Main Collection | ARRUPE LIBRARY | ARRUPE LIBRARY | Main Collection | 14/08/2019 | 4 | DT3000.M28 N67 2004 | 46600005013 | 21/05/2025 | 02/05/2025 | 14/08/2019 | Monograph ( Printed materials) |